| 000 | 01188nam a2200241Ia 4500 | ||
|---|---|---|---|
| 999 |
_c36378 _d36378 |
||
| 001 | 2290 | ||
| 003 | GE_BSU | ||
| 005 | 20190503174103.0 | ||
| 008 | 181216s2011||||ge |||||||||||||| ||geo|| | ||
| 040 | _cGE_BSU | ||
| 041 | _ageo | ||
| 080 | _a54(075.8) ა–27 | ||
| 100 |
_aადეიშვილი,ლია _9704 |
||
| 245 |
_aტოქსიკოლოგიური ქიმია : _bსახელმძღვ. ფარმაც. ფაკ-ტის სტუდენტებისათვის; ნაწ.2.ნარკოტიკული საშუალებების ანალიზური ტოქსიკოლოგია / _cლია ადეიშვილი, რომან მახარაძე. |
||
| 264 |
_aთბილისი, _c2011. |
||
| 300 | _a124 გვ. | ||
| 653 | _aქიმია | ||
| 653 | _aნარკოტიკული საშუალებები | ||
| 653 | _aტოქსიკოლოგია | ||
| 653 | _aქიმიურ-ტოქსიკოლოგიური ანალიზი | ||
| 700 |
_aადეიშვილი, ლია _eავტორი _9702 |
||
| 942 |
_cBK _2udc |
||